| 000 | 01601nam0a2200313 4500 | ||
|---|---|---|---|
| 001 | RU\NLR\BIBL_A\011910841 | ||
| 005 | 20190129112607.0 | ||
| 010 | _a978-5-8072-0148-5 | ||
| 021 |
_aRU _bКН-П-18-093903 _9КН-П-18-6812 |
||
| 035 | _a(NLR Aleph) 011910841 | ||
| 035 | _a(RuMoRGB)009832889 | ||
| 090 |
_a10935358 _c10935358 |
||
| 100 | _a20190116d2018 u y0rusy50 ca | ||
| 101 | 1 |
_arus _cund |
|
| 102 | _aRU | ||
| 105 | _aa|||zzzz000zy | ||
| 200 | 1 |
_aПрактический Кодекс ИМО / МОТ / ЕЭК ООН по загрузке грузовых транспортных единиц (Кодекс ГТЕ) _dIMO/ILO/UNECE Code of practice for packing of cargo transport units (CTU Code) _f[переводчик: Ю. В. Веников _gавторизованный перевод с английского языка под редакцией Е. Б. Карповича] _zeng |
|
| 210 |
_aСанкт-Петербург _cЦНИИМФ _d2018 |
||
| 215 |
_a181 с. _cил., табл., цв. ил. _d30 |
||
| 510 | 1 |
_aIMO/ILO/UNECE Code of practice for packing of cargo transport units (CTU Code) _zeng |
|
| 606 | 1 |
_aКонтейнерные перевозки _jНормативные документы _2nlr_sh1 _2nlr_sh2 _3RU\NLR\AUTH\662470 |
|
| 606 | 1 |
_aКонтейнеры _xПогрузка и выгрузка _jНормативные документы _2nlr_sh2 _3RU\NLR\AUTH\6601648233 |
|
| 686 | 1 | _aО184.604я82 | |
| 702 | 1 |
_aВеников _bЮ. В. _4730 |
|
| 942 | _cBOOK | ||
| 980 | _aNBR | ||
| 980 | _aNB | ||